[Event "Oberliga NRW 8889 I"]
[Site "Germany"]
[Date "1988.??.??"]
[Round "7"]
[White "Reuther, Egon"]
[Black "Elsenpeter, Wolfgang"]
[Result "1/2-1/2"]
[WhiteElo "1920"]
[BlackElo "1840"]
[PlyCount "52"]
[EventDate "1988.10.??"]
[EventType "team"]
[EventRounds "9"]
[EventCountry "GER"]
[SourceTitle "EXT 1997"]
[Source "ChessBase"]
[SourceDate "1996.11.15"]
[SourceVersion "1"]
[SourceVersionDate "1996.11.15"]
[SourceQuality "1"]
[WhiteTeam "Neheim"]
[BlackTeam "Duisburg II"]
[WhiteTeamCountry "GER"]
[BlackTeamCountry "GER"]

1. e4 e6 2. d4 d5 3. Nc3 dxe4 4. Nxe4 Nf6 5. Bg5 Be7 6. Bxf6 Bxf6 7. Nf3 Bd7 8. Bd3 Bc6 9. c3 Nd7 10. 0-0 0-0 11. Re1 g6 12. Qe2 Bxe4 13. Bxe4 Qc8 14. Rad1 c5 15. Qb5 Rb8 16. d5 a6 17. Qb3 c4 18. Qb4 exd5 19. Bxd5 b5 20. Qd6 Rb6 21. Qf4 Nc5 22. Qe3 Qc7 23. Ne5 Bxe5 24. Qxe5 Qxe5 25. Rxe5 Nd3 26. Re2 Nf4 1/2-1/2